Statistics for Match U.S. Presidents to Their First Names

Click here to take the quiz!

General Stats

  • This quiz has been taken 64 times
  • The average score is 41 of 45

Answer Stats

Last NameFirst Name% Correct
ObamaBarack
100%
TrumpDonald
100%
WashingtonGeorge
100%
BushGeorge
100%
KennedyJohn
100%
AdamsJohn
100%
TylerJohn
100%
ReaganRonald
100%
LincolnAbraham
98%
BushGeorge W.
98%
BidenJoe
98%
ClintonBill
97%
GarfieldJames
97%
BuchananJames
97%
PolkJames
97%
MadisonJames
97%
MonroeJames
97%
CarterJimmy
97%
JeffersonThomas
97%
CoolidgeCalvin
95%
HarrisonWilliam
95%
McKinleyWilliam
95%
TaftWilliam
95%
JacksonAndrew
93%
JohnsonAndrew
93%
TrumanHarry
93%
EisenhowerDwight
91%
RooseveltTheodore
91%
FordGerald
90%
NixonRichard
90%
WilsonWoodrow
90%
PierceFranklin
86%
RooseveltFranklin
86%
ClevelandGrover
86%
HooverHerbert
86%
JohnsonLyndon
86%
GrantUlysses
84%
AdamsJohn Quincy
83%
Van BurenMartin
83%
HayesRutherford
78%
ArthurChester
76%
HarrisonBenjamin
74%
FillmoreMillard
74%
TaylorZachary
72%
HardingWarren
71%

Score Distribution

Percentile by Number Answered

Percent of People with Each Score

Your Score History

You have not taken this quiz